000 00300nam a2200133Ia 4500
100 _aCambel/A.B
942 _cBK
654 _aFluid Mechanics
245 _aPlasma Physics & Magnet Fluid Mechanics
260 _bMcGraw Hill
_aNewyork
_c1963
082 _a629
_bCAM
546 _aENGLISH
999 _c28451
_d28451